| 000 | 00399nam a22001697a 4500 | ||
|---|---|---|---|
| 003 | NUST - PNEC | ||
| 005 | 20170116181024.0 | ||
| 008 | 150916b xxu||||| |||| 00| 0 eng d | ||
| 020 | _a- | ||
| 040 | _cLIBRARY | ||
| 082 | _a621.8 BLA | ||
| 100 |
_910755 _a Black, Paul H |
||
| 245 |
_aMachine design _cPaul H,Black |
||
| 250 | _a3rd ed | ||
| 650 |
_910756 _aMachine design _xME |
||
| 942 |
_2ddc _cBK |
||
| 999 |
_c67490 _d67490 |
||